Top Male Footballers 2025 - Statistics

General Stats
  • This quiz has been taken 305 times
  • The average score is 35 of 45
Answer Stats
Hint Answer % Correct
91, France, ST Kylian Mbappé
99%
91, Norway, ST Erling Haaland
98%
90, England, ST Harry Kane
96%
90, England, CAM Jude Bellingham
96%
91, Spain, CDM Rodri
96%
90, Brazil, LW Vinicius Junior
96%
89, Brazil, GK Alisson
93%
89, Italy, GK Gianluigi Donnarumma
93%
89, Egypt, RW Mohamed Salah
93%
89, Norway, CM Martin Ødegaard
92%
89, Argentina, ST Lautaro Martínez
91%
89, Netherlands, CB Virgil van Dijk
91%
88, Argentina, RW Lionel Messi
90%
87, Argentina, GK Emiliano Martínez
89%
88, Poland, ST Robert Lewandowski
88%
88, Brazil, GK Ederson
86%
88, Slovenia, GK Jan Oblak
84%
87, England, RW Bukayo Saka
83%
89, Germany, GK Marc-André ter Stegen
83%
88, Portugal, CB Rúben Dias
83%
87, Germany, CAM Jamal Musiala
82%
88, Uruguay, CM Federico Valverde
81%
88, England, RW Phil Foden
81%
87, South Korea, ST Heung Min Son
79%
87, Nigeria, ST Victor Osimhen
79%
88, Germany, CAM Florian Wirtz
78%
87, Portugal, CAM Bruno Fernandes
77%
89, Belgium, GK Thibaut Courtois
76%
87, Switzerland, GK Yann Sommer
76%
90, Belgium, CM Kevin De Bruyne
75%
87, England, CDM Declan Rice
74%
88, Portugal, CM Bernardo Silva
73%
88, Germany, CB Antonio Rüdiger
72%
87, France, LB Theo Hernández
71%
87, France, CB William Saliba
71%
87, France, GK Mike Maignan
69%
87, Netherlands, CM Frenkie de Jong
67%
87, Italy, CM Nicolò Barella
66%
88, France, ST Antoine Griezmann
64%
87, Italy, CB Alessandro Bastoni
63%
88, Switzerland, GK Gregor Kobel
62%
87, Brazil, CB Marquinhos
53%
87, Brazil, LW Neymar Junior
49%
87, Argentina, CAM Paulo Dybala
46%
87, Germany, CM İlkay Gündoğan
39%
No matching quizzes found
Score Distribution
Percent of People with Each Score
Percentile by Number Answered
Your Score History
You have not taken this quiz